Buğday tarlaları kan tepeleri (Record no. 10219)

MARC details
000 -BAŞLIK
Sabit Uzunlukta Kontrol Alanı 01188na a2200337 4500
001 - KONTROL NUMARASI
Denetim Alanı 14547
003 - KONTROL NUMARASI IDENTIFIER
Denetim Alanı MIRAKIL
005 - SON İŞLEM TARİHİ VE ZAMANI
Denetim Alanı 20181213155311.0
008 - SABİT-BOY VERİ ELEMANLARI - GENEL BİLGİLER
Sabit Uzunlukta Kontrol Alanı 161101b tu 000 0
020 ## - ULUSLARARASI STANDART KİTAP NUMARASI
Uluslararası Standart Kitap Numarası 9786053991441
035 ## - SİSTEM KONTROL NUMARASI
Sistem Kontrol Numarası 14547
040 ## - KATALOGLAMA KAYNAK
Orijinal Kataloglama Ajansı Milas
Kataloglama Dili tur
Metne Dönüştürmek Ajansı TR-AnCHP
041 ## - DİL KODU
Metin / Ses Parça Veya Ayrı Başlığın Dil Kodu tur
082 ## - DEWEY ONLU SINIFLANDIRMA NUMARASI
Sınıflandırma Numarası 320.54
Ürün Numarası K26b 2010
090 ## - SINIFLAMA NUMARASI
Sınıflama Numarası 320.54 K26b 2010
100 ## - ANA GİRİŞ - KİŞİSEL İSİM
Kişisel Ad Karakasidou, Anastasia N.
245 ## - BAŞLIK TABLOSU
Başlık Buğday tarlaları kan tepeleri
Başlığın Kalan Yunan Makedonyasında millet olma aşamasına geçiş süreçleri
-- 1870-1990
Sorumluluk Tablosu, Vb Anastasia N. Karakasidou ; çeviren Nurettin Elhüseyni
246 ## - UNVAN FORM VARYING
Başlık Doğru / Kısa Başlığı Yunan Makedonyasında millet olma aşamasına geçiş süreçleri : 1870-1990
260 ## - YAYIN, DAĞITIM, VB
Yayın, Dağıtım, Vb Yeri İstanbul
Yayıncı, Dağıtıcı, Vs Adı İstanbul Bilgi Üniversitesi Yayınları
Yayın, Dağıtım, Vb Tarihi 2010
300 ## - FİZİKSEL TANIM
Kapsam 358 s.
Diğer Fiziksel Ayrıntıları fotg. , tbl, hrt.
Boyutlar 23 sm.
490 ## - SERİSİ TABLOSU
Seri Beyanı Dün-bugün
Hacim / Ardışık Tanımı 21
490 ## - SERİSİ TABLOSU
Seri Beyanı İstanbul Bilgi Üniversitesi yayınları
Hacim / Ardışık Tanımı 295
504 ## - KAYNAKÇA VB NOT
Kaynakça Vb Notu Kaynakça ve dizin var.
650 ## - KONU KATMA GİRİŞ - TOPİKAL DÖNEM
Topikal Süreli Veya Coğrafi Ad Giriş Elemanı Ulusalcılık
Coğrafi Alt Bölümü Makedonya
650 ## - KONU KATMA GİRİŞ - TOPİKAL DÖNEM
Topikal Süreli Veya Coğrafi Ad Giriş Elemanı Etnik kimlik
650 ## - KONU KATMA GİRİŞ - TOPİKAL DÖNEM
Topikal Süreli Veya Coğrafi Ad Giriş Elemanı Etnik tarih
Coğrafi Alt Bölümü Yunanistan
650 ## - KONU KATMA GİRİŞ - TOPİKAL DÖNEM
Topikal Süreli Veya Coğrafi Ad Giriş Elemanı Ulusalcılık
Coğrafi Alt Bölümü Yunanistan
700 ## - KATMA GİRİŞ - KİŞİSEL İSİM
Kişisel Ad Elhüseyni, Nurettin
942 ## - EKLENDİ GİRİŞ ELEMANLARI (KOHA)
Sınıflandırma Veya Raf Düzeni Kaynak Dewey Decimal Classification
Koha Öğesi Türü Books
999 ## - SİSTEM KONTROL NUMARALARI (KOHA)
Koha Biblionumber 10219
Koha Biblioitemnumber 10219
657 ## - INDEX SÜRE - İŞLEVİ
-- Etnik milliyetçilik
-- Tarih
Holdings
Kalıcı Konum Mevcut Konum Edinme Tarihi Edinim Kaynak Toplam Check-Out'Lar Tam Çağrı Numarası Barkod Tarih Son Görülme İtibaren Geçerli Fiyatlar Koha Öğesi Türü
CHP Kütüphanesi CHP Kütüphanesi 08/29/2016 Bağış   320.54 K26b 2010 002706 08/29/2016 08/29/2016 Books